|
|
|
|
| LEADER |
00000naa2a2200000 4500 |
| 001 |
216464 |
| 005 |
20231031194157.0 |
| 035 |
|
|
|a (RuTPU)RU\TPU\book\236436
|
| 090 |
|
|
|a 216464
|
| 100 |
|
|
|a 20120524d2004 k y0rusy50 ca
|
| 101 |
0 |
|
|a rus
|
| 102 |
|
|
|a RU
|
| 200 |
1 |
|
|a Мировоззрение в современном мире
|f Л. Г. Чернышова
|
| 461 |
|
0 |
|0 (RuTPU)RU\TPU\book\119005
|t Прогрессивные технологии и экономика в машиностроении
|o труды II Всероссийской научно-практической конференции, 29-30 апреля 2004 года, Юрга
|f Томский политехнический университет; Прогрессивные технологии и экономика в машиностроении; под ред. О. Ю. Ретюнского
|d 2004
|
| 463 |
|
0 |
|0 (RuTPU)RU\TPU\book\164816
|t Т. 2
|v С. 192-194
|d 2004
|p 208 с.
|
| 610 |
1 |
|
|a научно-технический прогресс
|
| 610 |
1 |
|
|a сознание
|
| 610 |
1 |
|
|a мировоззрение
|
| 610 |
1 |
|
|a успех
|
| 610 |
1 |
|
|a нравственность
|
| 610 |
1 |
|
|a труды учёных ТПУ
|
| 700 |
|
1 |
|a Чернышова
|b Л. Г.
|
| 801 |
|
1 |
|a RU
|b 63413507
|c 20120524
|
| 801 |
|
2 |
|a RU
|b 63413507
|c 20120524
|g RCR
|
| 942 |
|
|
|c BK
|